Новации для улучшения физических качеств у школьников и студентов с низким уровнем физического развития. Системный подход; Физическая культура и спорт на современном этапе: проблемы, поиски, решения

Bibliografiske detaljer
Parent link:Физическая культура и спорт на современном этапе: проблемы, поиски, решения.— 2014.— [С. 99-102]
Hovedforfatter: Шаминов К. С. Кабир Сабирович
Institution som forfatter: Национальный исследовательский Томский политехнический университет (ТПУ) Институт социально-гуманитарных технологий (ИСГТ) Кафедра физического воспитания (ФВ)
Summary:Заглавие с титульного экрана
Sprog:russisk
Udgivet: 2014
Serier:Физическая культура детей и подростков
Fag:
Online adgang:http://earchive.tpu.ru/handle/11683/22005
Format: Electronisk Book Chapter
KOHA link:https://koha.lib.tpu.ru/cgi-bin/koha/opac-detail.pl?biblionumber=617759

MARC

LEADER 00000naa2a2200000 4500
001 617759
005 20231101132957.0
035 |a (RuTPU)RU\TPU\conf\16079 
035 |a RU\TPU\conf\16077 
090 |a 617759 
100 |a 20160330d2014 k y0rusy50 ca 
101 0 |a rus  |e rus 
102 |a RU 
105 |a y z 101zy 
135 |a drcn ---uucaa 
181 0 |a i  
182 0 |a b 
200 1 |a Новации для улучшения физических качеств у школьников и студентов с низким уровнем физического развития. Системный подход  |f К. С. Шаминов 
203 |a Текст  |c электронный 
225 1 |a Физическая культура детей и подростков 
230 |a 1 компьютерный файл (pdf; 393 Кб) 
300 |a Заглавие с титульного экрана 
337 |a Adobe Reader 
463 0 |0 (RuTPU)RU\TPU\conf\16073  |t Физическая культура и спорт на современном этапе: проблемы, поиски, решения  |o материалы межрегиональной научно-практической конференции, Томск, 19 декабря 2014 г.  |f Национальный исследовательский Томский политехнический университет (ТПУ), Институт социально-гуманитарных технологий (ИСГТ), Кафедра спортивных дисциплин (СД)  |v [С. 99-102]  |d 2014 
610 1 |a труды учёных ТПУ 
610 1 |a электронный ресурс 
610 1 |a физическое воспитание 
610 1 |a школьники 
610 1 |a студенты 
610 1 |a физическое развитие 
610 1 |a системный подход 
610 1 |a физические упражнения 
700 1 |a Шаминов  |b К. С.  |c специалист в области физической культуры и спорта  |c старший тренер-преподаватель Томского политехнического университета  |f 1938-  |g Кабир Сабирович  |2 stltpush  |3 (RuTPU)RU\TPU\pers\36215 
712 0 2 |a Национальный исследовательский Томский политехнический университет (ТПУ)  |b Институт социально-гуманитарных технологий (ИСГТ)  |b Кафедра физического воспитания (ФВ)  |h 2607  |2 stltpush  |3 (RuTPU)RU\TPU\col\18904 
801 2 |a RU  |b 63413507  |c 20160510  |g RCR 
856 4 |u http://earchive.tpu.ru/handle/11683/22005 
942 |c BK